000 00301nam a22001337a 4500
008 170911b xxu||||| |||| 00| 0 eng d
020 _a9780910155120
041 _aeng
080 _a53
100 _a43
101 _aFIZ
245 _aLIVING YOUNGER A PHYSICIAN'S FORMULA
_cHEAD,M
942 _2udc
_cBK
999 _c27128
_d27128